000 00777cam a22002533a 4500
001 1069
003 PGUSA
005 20140828082956.0
008 060503s2006||||xxu|||||s|||||000 1 eng d
040 _aPGUSA
_beng
042 _adc
050 4 _aPQ
100 1 _aZola, Émile,
_d1840-1902
245 1 0 _aFour Short Stories By Emile Zola
_h[electronic resource] /
_cÉmile Zola
260 _bProject Gutenberg,
_c2006
505 0 _aNana -- The Miller's Daughter -- Captain Burle -- Death of Olivier Becaille
506 _aPublic domain in the USA.
516 _aElectronic text
653 _aFrance -- Social life and customs -- Fiction
653 _aShort stories
830 0 _aProject Gutenberg
_v1069
856 4 0 _uhttp://www.gutenberg.org/ebooks/1069
942 _cEB
999 _c230420
_d230420